La enciclopedia : (Registro nro. 210)
[ vista simple ]
| 000 -Cabecera | |
|---|---|
| Campo de control interno | 01285nam a2200241Ia 4500 |
| 005 - Fecha y hora del registro | |
| control field | 20251203123018.0 |
| 008 - Elementos de Longitud Fija | |
| fixed length control field | 251203t2004||||xx |||||||||||||| ||spa|| |
| 020 ## - ISBN | |
| ISBN | 8497892968 |
| 041 ## - Idioma | |
| Codigo Idioma | ESP |
| 082 ## - DEWEY y NOTACIÓN INTERNA | |
| Dewey | RE 036 |
| Notación Interna | S17 |
| 110 ## - AUTOR INSTTITUCIONAL | |
| Autor Institucional | Salvat Editores |
| 245 #0 - TÍTULO DE MATERIAL BIBLIOGRÁFICO | |
| Título | La enciclopedia : |
| Título paralelo | Volúmenes 1-20 |
| 250 ## - EDICIÓN | |
| Edición | Reimpresión |
| 260 ## - CIUDAD, EDITORIAL, AÑO | |
| Ciudad | Madrid : |
| Nombre de la Editorial | Salvat Editores |
| Año | 2004 |
| 300 ## - DESCRIPCIÓN | |
| N° Páginas | 800 páginas : |
| Otros detalles | ilustraciones ; |
| Dimensiones | 22 cm. |
| Material Adicional | |
| 440 ## - MENCIÓN DE SERIE | |
| Título de la Serie | |
| Número de Serie | |
| Volumen de Serie | |
| 505 ## - TABLA DE CONTENIDO | |
| Tabla de Contenido | Contiene: Volumen 1: A aouita.- Volumen 2: Aovado; Basedow.- Volumen 3: Basel; Calvo-Sotelo.- Volumen 4: Calvo y Agosti Cid.- Volumen 5: Cid; Crisipo.- Volumen 6: Crisis D’ Sola.- Volumen 7: Du Bellay; Estados Unidos.- Volumen 8: Estados Unidos; Franciscana.- Volumen 9: Franciscano; Guadalquivir.- Volumen 10: Guadalupe; Inculpable.- Volumen 11: Inculpación; Lalique.- Volumen 12: Lalo; Manialvo.- Volumen 13: Maniatar; Mongol.- Volumen 14: Mongolia; Octavar.- Volumen 15: Octavario; Pérez E. – Volumen 16: Pérez F.; Puericia.- Volumen 17: Puericultor; Roth.- Volumen 18: Rothko; Solífugos.- Volumen 19: Solihull; Tucumano.- Volumen 20: Tucupita; Zwickau. |
| 650 ## - TEMAS | |
| Temas | Generalidades |
| 653 ## - DESCRIPTORES | |
| Lenguajes no controlado | Enciclopedias; Obras enciclopedicas generales |
| 654 ## - PROGRAMAS | |
| Programa | Todos los programas |
| 942 ## - ELEMENTOS DE KOHA | |
| Tipo de documento | Enciclopedia |
| Nombre del creador | Justo Noguera |
| Código de catalogador | Margarita Torres |
| Esquema de clasificación | Dewey Decimal Classification |
| Suppress in OPAC | |
| Codigo completo | Registro | Colección | Copia número | Disponibilidad | Tipo de préstamo | Biblioteca Actual | Procedencia (Biblioteca) | Ubicacón | Fecha Ingreso | Tipo de Adquisición | Date last seen | Total checkouts | Price effective from | Tipo de Item | Estado del Material | Fuente de Clasificación | Damaged status | Withdrawn status |
|---|---|---|---|---|---|---|---|---|---|---|---|---|---|---|---|---|---|---|
| RE 036 S17 | 1085079 | Colección Vera Bejar | 1 | Restringido | Víctor Andrés Belaunde | Víctor Andrés Belaunde | Planta baja cerrada | 03/10/2025 | Donación | 03/12/2025 | 03/12/2025 | Enciclopedia | Bueno | Dewey Decimal Classification | Withdrawn |




